| 000 | 01300nam a2200337 a 4500 | ||
|---|---|---|---|
| 001 | ebr10728856 | ||
| 003 | CaPaEBR | ||
| 006 | m o u | ||
| 007 | cr cn||||||||| | ||
| 008 | 130709s2008 gw sb 001 0deng d | ||
| 020 | _z9783938793794 | ||
| 020 | _z9783110326680 | ||
| 020 | _z9783110327076 (e-book) | ||
| 040 |
_aCaPaEBR _cCaPaEBR |
||
| 035 | _a(OCoLC)854569281 | ||
| 050 | 1 | 4 |
_aB1498 _b.W55 2008eb |
| 100 | 1 | _aWilson, Fred. | |
| 245 | 1 | 0 |
_aBody, mind and self in Hume's critical realism _h[electronic resource] / _cFred Wilson. |
| 260 |
_aFrankfurt : _bOntos Verlag, _c2008. |
||
| 300 | _a539 p. | ||
| 490 | 1 |
_aPhilosophische Analyse / Philosophical analysis ; _vBd. 22 |
|
| 504 | _aIncludes bibliographical references and index. | ||
| 533 |
_aElectronic reproduction. _bPalo Alto, Calif. : _cebrary, _d2013. _nAvailable via World Wide Web. _nAccess may be limited to ebrary affiliated libraries. |
||
| 600 | 1 | 0 |
_aHume, David, _d1711-1776 _xCriticism and interpretation. |
| 650 | 0 | _aMind and body. | |
| 650 | 0 | _aSelf. | |
| 655 | 7 |
_aElectronic books. _2local |
|
| 710 | 2 | _aebrary, Inc. | |
| 830 | 0 |
_aPhilosophische Analyse ; _vBd. 22. |
|
| 856 | 4 | 0 |
_uhttp://site.ebrary.com/lib/rucke/Doc?id=10728856 _zAn electronic book accessible through the World Wide Web; click to view |
| 999 |
_c151606 _d151606 |
||